000 00622nam a2200241Ia 4500
003 OSt
005 20221002054112.0
006 a|||||r|||| 00| 0
007 ta
008 220930b |||||||| |||| 00| 0 eng d
024 _a60919
037 _cReference Collections
040 _aCRL
_cCRL
_beng
041 _2eng
_aeng
082 _aU8.43, M8(RR)
100 _aEu Geoffrey Ed.
_9575504
245 0 _aEast Asia
260 _aHong
_bKong APA
_c1988
300 _a417p.
_ccm.
650 _aGEOGRAPHY
942 _hU8.43, M8(RR)
_cref
_2CC
999 _c924037
_d924037